Relatos escogidos /
Guardado en:
| Autor principal: | |
|---|---|
| Otros Autores: | |
| Formato: | Desconocido |
| Lenguaje: | Spanish |
| Publicado: |
San José, Costa Rica:
Editorial Costa Rica,
1977
|
| Materias: | |
| Etiquetas: |
Agregar Etiqueta
Sin Etiquetas, Sea el primero en etiquetar este registro!
|
MARC
| LEADER | 000000000a22000000004500 | ||
|---|---|---|---|
| 001 | 000727 | ||
| 008 | 140910t1977 cr |||||r|||| 000 0dspa d | ||
| 041 | 0 | |a español | |
| 082 | |a CR863.4 |b O66r | ||
| 100 | 1 | |a Oreamuno, Yolanda, 1916-1956 | |
| 245 | 1 | 0 | |a Relatos escogidos / |c Yolanda Oreamuno ; selección, prólogo y notas de Alfonso Chase |
| 260 | |a San José, Costa Rica: |b Editorial Costa Rica, |c 1977 | ||
| 300 | |a 283 páginas | ||
| 500 | |a Número de inscripción 00439 | ||
| 650 | 1 | 4 | |a LITERATURA COSTARRICENSE |v NOVELA |
| 700 | 1 | 2 | |a Chase, Alfonso, |j prólogo |
| 942 | |2 ddc |c BK | ||
| 999 | |c 1504 |d 1504 | ||
